Les duos célèbres de la chanson - Statistiques

Statistiques générales
  • Ce quiz a été pris 227 fois
  • Le résultat moyen est 6 sur 10
Statistiques - réponses
Premier Deuxième % Correct
Berger Gall
92%
Stone Charden
84%
Peter Sloane
82%
Simon Garfunkel
74%
Gainsbourg Birkin
72%
David Jonathan
70%
Sonny Cher
59%
Ike (Turner) Tina
58%
Al Bano Romina Power
22%
Shuky Aviva
12%
Aucun quiz correspondant
Distribution des résultats
% des personnes avec chaque résultat
Percentile par nombre de réponses
Votre historique - résultats
Vous n’avez pas pris ce quiz